[Event "Tiraspol Lutikov Memorial"]
[Site "Tiraspol"]
[Date "2007.03.27"]
[Round "7"]
[White "Murashko, Vyacheslav L"]
[Black "Martemianov, Iaroslav"]
[Result "0-1"]
[WhiteElo "2340"]
[BlackElo "2271"]
[PlyCount "92"]
[EventDate "2007.03.23"]
[EventType "tourn"]
[EventRounds "9"]
[EventCountry "MDA"]
[EventCategory "1"]
[SourceTitle "EXT 2010"]
[Source "ChessBase"]
[SourceDate "2010.11.25"]
[SourceVersion "1"]
[SourceVersionDate "2010.11.25"]
[SourceQuality "1"]

1. d4 Nf6 2. Bg5 Ne4 3. Bf4 c5 4. f3 Nf6 5. dxc5 b6 6. e4 bxc5 7. Nc3 Nc6 8. Bc4 d6 9. Qd2 Rb8 10. Nge2 e5 11. Be3 Nd4 12. Bb3 Ba6 13. 0-0 Nd7 14. Bxd4 cxd4 15. Nd5 Be7 16. Nxe7 Qxe7 17. Rfd1 Nc5 18. Nc1 0-0 19. Qa5 Rfc8 20. c4 dxc3 21. bxc3 Rb6 22. c4 Ne6 23. Nd3 Bxc4 24. Rac1 Ba6 25. Rxc8+ Bxc8 26. Nb4 Nf4 27. g3 Ne2+ 28. Kf1 Nc3 29. Rc1 Bh3+ 30. Ke1 d5 31. Nxd5 Nxd5 32. Qxd5 g6 33. Rd1 Kg7 34. Rd2 Qf6 35. Kf2 Be6 36. Qd3 Rc6 37. Kg2 Bxb3 38. axb3 Qg5 39. h4 Qe7 40. Qd5 Rc7 41. Kh3 h5 42. f4 exf4 43. Qd4+ Kh7 44. gxf4 Rc1 45. Rd1 Rxd1 46. Qxd1 Qxe4 0-1

[Event "Alushta Caissa 1st"]
[Site "Alushta"]
[Date "2002.09.14"]
[Round "18"]
[White "Kayumov, Dimitry"]
[Black "Murashko, Vyacheslav L"]
[Result "1-0"]
[WhiteElo "2460"]
[BlackElo "2385"]
[PlyCount "85"]
[EventDate "2002.09.01"]
[EventType "tourn"]
[EventRounds "18"]
[EventCountry "UKR"]
[EventCategory "8"]
[SourceTitle "CBM 090 Extra"]
[Source "ChessBase"]
[SourceDate "2002.11.07"]
[SourceVersion "1"]
[SourceVersionDate "2002.11.07"]
[SourceQuality "1"]

1. e4 Nf6 2. e5 Nd5 3. d4 d6 4. Nf3 Bg4 5. Be2 c6 6. c4 Nb6 7. Nbd2 dxe5 8. Nxe5 Bxe2 9. Qxe2 N8d7 10. 0-0 e6 11. Ndf3 Nxe5 12. dxe5 Be7 13. Rd1 Qc7 14. Bg5 Bxg5 15. Nxg5 h6 16. Ne4 0-0 17. f4 Rfd8 18. b3 a5 19. Rd6 f5 20. Rxd8+ Rxd8 21. Nd6 Nd7 22. Qe3 b6 23. a3 Nf6 24. b4 Ne8 25. c5 bxc5 26. bxc5 Rb8 27. Qd4 Kh7 28. Qa4 Kg8 29. Rd1 Kf8 30. h3 Ke7 31. Qc4 g6 32. Nxe8 Rxe8 33. Rd6 Qc8 34. Qa4 Qb7 35. Qxc6 Qxc6 36. Rxc6 Ra8 37. Rc7+ Kf8 38. c6 Ra6 39. Kf2 Rb6 40. Ke3 Ke8 41. Kd4 Kd8 42. Rd7+ Kc8 43. Kc5 1-0

[Event "Alushta Caissa 1st"]
[Site "Alushta"]
[Date "2002.09.12"]
[Round "16"]
[White "Khudiakov, Alexandr"]
[Black "Murashko, Vyacheslav L"]
[Result "1/2-1/2"]
[WhiteElo "2314"]
[BlackElo "2385"]
[PlyCount "64"]
[EventDate "2002.09.01"]
[EventType "tourn"]
[EventRounds "18"]
[EventCountry "UKR"]
[EventCategory "8"]
[SourceTitle "CBM 090 Extra"]
[Source "ChessBase"]
[SourceDate "2002.11.07"]
[SourceVersion "1"]
[SourceVersionDate "2002.11.07"]
[SourceQuality "1"]

1. e4 Nf6 2. e5 Nd5 3. d4 d6 4. Nf3 Bg4 5. c4 Nb6 6. Nc3 e6 7. Be2 Be7 8. 0-0 0-0 9. Be3 Nc6 10. exd6 cxd6 11. d5 exd5 12. cxd5 Bxf3 13. Bxf3 Ne5 14. Be2 Nbd7 15. f4 Ng6 16. Rc1 a6 17. Qb3 Re8 18. Bf3 b6 19. g3 Bf6 20. Ne4 Nc5 21. Nxf6+ Qxf6 22. Qa3 a5 23. Rfd1 Ne7 24. Rd2 Ng6 25. Bd4 Qd8 26. b4 axb4 27. Qxb4 Nf8 28. Rb1 Nfd7 29. Qb2 f6 30. Qb5 f5 31. Bh5 g6 32. Be2 Qe7 1/2-1/2

[Event "Alushta Caissa 1st"]
[Site "Alushta"]
[Date "2002.09.04"]
[Round "5"]
[White "Stjazhkin, Viacheslav"]
[Black "Murashko, Vyacheslav L"]
[Result "1/2-1/2"]
[WhiteElo "2384"]
[BlackElo "2385"]
[PlyCount "23"]
[EventDate "2002.09.01"]
[EventType "tourn"]
[EventRounds "18"]
[EventCountry "UKR"]
[EventCategory "8"]
[SourceTitle "CBM 090 Extra"]
[Source "ChessBase"]
[SourceDate "2002.11.07"]
[SourceVersion "1"]
[SourceVersionDate "2002.11.07"]
[SourceQuality "1"]

1. e4 c6 2. d4 d5 3. exd5 cxd5 4. Bd3 Nc6 5. c3 g6 6. Nf3 Nh6 7. Bf4 Bf5 8. h3 Bg7 9. Na3 0-0 10. 0-0 a6 11. Re1 Bxd3 12. Qxd3 1/2-1/2

[Event "Alushta Spring"]
[Site "Alushta"]
[Date "2001.03.08"]
[Round "?"]
[White "Rogovski, Vladimir"]
[Black "Murashko, Vyacheslav L"]
[Result "1/2-1/2"]
[WhiteElo "2446"]
[BlackElo "2386"]
[PlyCount "79"]
[EventDate "2001.03.08"]
[EventType "tourn"]
[EventRounds "11"]
[EventCountry "UKR"]
[EventCategory "8"]
[SourceTitle "EXT 2002"]
[Source "ChessBase"]
[SourceDate "2001.11.25"]
[SourceVersion "1"]
[SourceVersionDate "2001.11.25"]
[SourceQuality "1"]

1. e4 Nf6 2. e5 Nd5 3. d4 d6 4. Nf3 Bg4 5. Be2 c6 6. Ng5 Bf5 7. e6 fxe6 8. g4 Bg6 9. Bd3 Bxd3 10. Qxd3 Nf6 11. Nxe6 Qd7 12. Qe2 Kf7 13. Ng5+ Kg8 14. Rg1 Na6 15. Nc3 Re8 16. f4 e5 17. dxe5 dxe5 18. f5 h5 19. h3 hxg4 20. hxg4 Bc5 21. Be3 Bxe3 22. Qxe3 Nb4 23. Qf2 Qd4 24. Rc1 Nxg4 25. Qg3 Qe3+ 26. Qxe3 Nxe3 27. f6 gxf6 28. Nge4+ Kf8 29. Nxf6 Nexc2+ 30. Ke2 Nd4+ 31. Ke3 Rh3+ 32. Ke4 Rh4+ 33. Rg4 Rxg4+ 34. Nxg4 Ke7 35. a3 Na6 36. Kxe5 Rd8 37. Rh1 Nf3+ 38. Kf4 Rf8+ 39. Ke3 Ng5 40. Rh5 1/2-1/2

[Event "UKR-ch"]
[Site "Sevastopol"]
[Date "2000.??.??"]
[Round "1"]
[White "Malahov, Viktor"]
[Black "Murashko, Vyacheslav L"]
[Result "0-1"]
[WhiteElo "2233"]
[BlackElo "2464"]
[PlyCount "74"]
[EventDate "2000.??.??"]
[EventType "swiss"]
[EventRounds "9"]
[EventCountry "UKR"]
[SourceTitle "EXT 2001"]
[Source "ChessBase"]
[SourceDate "2000.11.22"]
[SourceVersion "1"]
[SourceVersionDate "2000.11.22"]
[SourceQuality "1"]

1. e4 Nf6 2. e5 Nd5 3. d4 d6 4. c4 Nb6 5. f4 dxe5 6. fxe5 Nc6 7. Be3 Bf5 8. Nc3 e6 9. Nf3 Bg4 10. c5 Nd5 11. Bf2 Be7 12. Bc4 0-0 13. h3 Bxf3 14. Qxf3 Ncb4 15. 0-0 b6 16. Rad1 Nxc3 17. bxc3 Nd5 18. Bb3 b5 19. Qd3 c6 20. Bc2 g6 21. Bg3 Bg5 22. Rde1 Qa5 23. h4 Bh6 24. Rf3 Qxa2 25. Qe4 b4 26. Bb1 Qc4 27. cxb4 Qxb4 28. Qg4 Be3+ 29. Rfxe3 Nxe3 30. Qe4 Nd5 31. Bc2 Qc3 32. Bf2 a5 33. h5 a4 34. Re2 a3 35. Be1 a2 36. hxg6 hxg6 37. Qg4 Qxc2 0-1

[Event "UKR-ch"]
[Site "Sevastopol"]
[Date "2000.??.??"]
[Round "9"]
[White "Murashko, Vyacheslav L"]
[Black "Matjushin, Gennady"]
[Result "1/2-1/2"]
[WhiteElo "2464"]
[BlackElo "2275"]
[PlyCount "52"]
[EventDate "2000.??.??"]
[EventType "swiss"]
[EventRounds "9"]
[EventCountry "UKR"]
[SourceTitle "EXT 2001"]
[Source "ChessBase"]
[SourceDate "2000.11.22"]
[SourceVersion "1"]
[SourceVersionDate "2000.11.22"]
[SourceQuality "1"]

1. c4 Nf6 2. Nc3 g6 3. e4 d6 4. d4 Bg7 5. Be2 0-0 6. Bg5 Na6 7. Qd2 e5 8. d5 c6 9. g4 cxd5 10. cxd5 h6 11. Bxh6 Bxh6 12. Qxh6 Nxg4 13. Bxg4 Bxg4 14. Nh3 Bxh3 15. Qxh3 Qb6 16. 0-0-0 Rac8 17. Rhg1 Qxf2 18. Rdf1 Qd4 19. Rg4 Nb4 20. Rh4 Nd3+ 21. Kb1 Nf4 22. Rh8+ Kg7 23. Qh6+ Kf6 24. Rxf4+ exf4 25. Rxf8 Qg1+ 26. Kc2 Qf2+ 1/2-1/2

[Event "UKR-ch"]
[Site "Sevastopol"]
[Date "2000.??.??"]
[Round "3"]
[White "Varitski, Igor"]
[Black "Murashko, Vyacheslav L"]
[Result "1-0"]
[WhiteElo "2359"]
[BlackElo "2464"]
[PlyCount "131"]
[EventDate "2000.??.??"]
[EventType "swiss"]
[EventRounds "9"]
[EventCountry "UKR"]
[SourceTitle "EXT 2001"]
[Source "ChessBase"]
[SourceDate "2000.11.22"]
[SourceVersion "1"]
[SourceVersionDate "2000.11.22"]
[SourceQuality "1"]

1. e4 Nf6 2. e5 Nd5 3. d4 d6 4. Nf3 Bg4 5. Be2 c6 6. Ng5 Bf5 7. Bg4 Qd7 8. Qf3 e6 9. Bxf5 exf5 10. exd6 Bxd6 11. Qe2+ Qe7 12. Qxe7+ Bxe7 13. 0-0 0-0 14. Nf3 Bd6 15. Nbd2 Re8 16. Nc4 Bc7 17. Bd2 Nd7 18. Rfe1 Re4 19. c3 f6 20. Rad1 b5 21. Ne3 g6 22. Nxd5 cxd5 23. Bc1 Kf7 24. Nd2 Rxe1+ 25. Rxe1 Bd6 26. h3 Rc8 27. Nb1 Nb6 28. Kf1 Na4 29. Ke2 b4 30. Kd3 bxc3 31. bxc3 a5 32. Re2 g5 33. Rc2 Nb6 34. Nd2 Nc4 35. Nxc4 Rxc4 36. Rb2 Ke6 37. Rb6 Ra4 38. Kc2 Kd7 39. Kb3 Rc4 40. a4 Rc8 41. Rb5 Kc6 42. Ba3 Re8 43. Rxa5 Bxa3 44. Kxa3 Re2 45. Ra6+ Kb7 46. Rxf6 Rxf2 47. g3 h5 48. Kb4 Rf3 49. h4 g4 50. Kb5 Rxc3 51. Rxf5 Rxg3 52. Rxh5 Rh3 53. Rh7+ Kb8 54. Kb6 Rb3+ 55. Kc6 Rh3 56. Rh8+ Ka7 57. Kxd5 g3 58. Rg8 Kb6 59. Ke5 Rxh4 60. Rxg3 Rh5+ 61. Kd6 Rh6+ 62. Kd5 Ka5 63. Ke5 Rh1 64. Rc3 Rh8 65. d5 Kxa4 66. d6 1-0

[Event "RUS-Cup01 Chigorin Memorial"]
[Site "St Petersburg"]
[Date "1997.11.05"]
[Round "5"]
[White "Murashko, Vyacheslav L"]
[Black "Yandemirov, Valeri"]
[Result "1/2-1/2"]
[WhiteElo "2415"]
[BlackElo "2500"]
[PlyCount "96"]
[EventDate "1997.11.01"]
[EventType "swiss"]
[EventRounds "9"]
[EventCountry "RUS"]
[SourceTitle "CBM 061 Extra"]
[Source "ChessBase"]
[SourceDate "1998.03.09"]
[SourceVersion "1"]
[SourceVersionDate "1998.03.09"]
[SourceQuality "1"]

1. c4 Nf6 2. Nc3 d5 3. cxd5 Nxd5 4. g3 g6 5. Bg2 Nxc3 6. bxc3 Bg7 7. Rb1 Nd7 8. Nf3 0-0 9. 0-0 Nb6 10. Qc2 Bd7 11. d3 Ba4 12. Qb2 Bc6 13. Qa3 Qd6 14. Qxd6 cxd6 15. Bd2 Rfc8 16. Rfc1 Na4 17. Nd4 Bxg2 18. Kxg2 Bxd4 19. cxd4 Nb6 20. Ba5 Rxc1 21. Rxc1 Rc8 22. Rb1 Rc2 23. Bxb6 axb6 24. Rxb6 Rxa2 25. Rxb7 Rxe2 26. Kf3 Re1 27. h4 Kg7 28. Rb5 f5 29. h5 Kf6 30. hxg6 hxg6 31. Rb8 Ke6 32. Rb5 g5 33. g4 fxg4+ 34. Kxg4 Rd1 35. d5+ Kf6 36. Rb3 Re1 37. Rb4 Ke5 38. Kxg5 Rg1+ 39. Rg4 Rf1 40. f4+ Kxd5 41. f5 Re1 42. Kg6 Ke5 43. d4+ Kd5 44. Kf7 Kc4 45. Rg6 d5 46. Re6 Rf1 47. Re5 Kxd4 48. Ke6 Kc4 1/2-1/2

[Event "Volgograd"]
[Site "Volgograd"]
[Date "1997.??.??"]
[Round "10"]
[White "Bets, Anatolij"]
[Black "Murashko, Vyacheslav L"]
[Result "1/2-1/2"]
[WhiteElo "2340"]
[BlackElo "2430"]
[PlyCount "62"]
[EventDate "1997.??.??"]
[EventType "tourn"]
[EventRounds "13"]
[EventCountry "RUS"]
[EventCategory "7"]
[SourceTitle "EXT 2000"]
[Source "ChessBase"]
[SourceDate "1999.11.16"]
[SourceVersion "1"]
[SourceVersionDate "1999.11.16"]
[SourceQuality "1"]

1. d4 c5 2. d5 e5 3. c4 d6 4. e4 Be7 5. Nc3 Bg5 6. Bxg5 Qxg5 7. h4 Qe7 8. g3 Nh6 9. Bh3 Nd7 10. Nf3 0-0 11. g4 f6 12. g5 Nf7 13. Qd2 Nb6 14. b3 fxg5 15. hxg5 Nh8 16. Nh4 g6 17. 0-0-0 Bxh3 18. Rxh3 Nd7 19. Rdh1 Rf7 20. f3 Rg7 21. Ng2 Nf7 22. Rg3 Rf8 23. Kb1 a6 24. Rg1 Kh8 25. Ne3 Qd8 26. Kb2 Rfg8 27. Qh2 Qe7 28. Qh3 Rb8 29. Qe6 Qd8 30. R3g2 b5 31. Ka1 b4 1/2-1/2

[Event "Alushta-C"]
[Site "Alushta"]
[Date "1997.??.??"]
[Round "9"]
[White "Murashko, Vyacheslav L"]
[Black "Ivannikov, Oleg"]
[Result "1/2-1/2"]
[WhiteElo "2430"]
[BlackElo "2090"]
[PlyCount "76"]
[EventDate "1997.??.??"]
[EventType "tourn"]
[EventRounds "9"]
[EventCountry "UKR"]
[EventCategory "3"]
[SourceTitle "EXT 2000"]
[Source "ChessBase"]
[SourceDate "1999.11.16"]
[SourceVersion "1"]
[SourceVersionDate "1999.11.16"]
[SourceQuality "1"]

1. c4 c5 2. Nc3 g6 3. g3 Bg7 4. Bg2 Nc6 5. a3 b6 6. Rb1 Bb7 7. b4 cxb4 8. axb4 Qc8 9. Nd5 e6 10. Ne3 Nge7 11. Nf3 Ne5 12. Nxe5 Bxg2 13. Nxg2 Bxe5 14. Ne3 Nf5 15. Nxf5 gxf5 16. d3 h5 17. Bb2 Qc6 18. 0-0 Bxb2 19. Rxb2 h4 20. b5 Qc5 21. Qd2 hxg3 22. hxg3 Rh5 23. Qe3 Qc8 24. Qf3 Rh7 25. Kg2 Ke7 26. Rbb1 a5 27. bxa6 Rxa6 28. Rh1 Rxh1 29. Rxh1 Ra2 30. Rb1 Qc5 31. Kf1 Qd4 32. Qe3 Qxe3 33. fxe3 Ra6 34. Kf2 d6 35. Kf3 Kd7 36. Kf4 Kc6 37. e4 fxe4 38. Kxe4 Ra2 1/2-1/2

[Event "Minsk op"]
[Site "Minsk"]
[Date "1997.??.??"]
[Round "4"]
[White "Murashko, Vyacheslav L"]
[Black "Neverov, Valeriy"]
[Result "0-1"]
[WhiteElo "2430"]
[BlackElo "2530"]
[PlyCount "84"]
[EventDate "1997.??.??"]
[EventType "swiss"]
[EventRounds "9"]
[EventCountry "BLR"]
[SourceTitle "EXT 2000"]
[Source "ChessBase"]
[SourceDate "1999.11.16"]
[SourceVersion "1"]
[SourceVersionDate "1999.11.16"]
[SourceQuality "1"]

1. c4 e6 2. Nf3 Nf6 3. g3 d5 4. d4 Bb4+ 5. Bd2 Be7 6. Qc2 0-0 7. Bg2 c6 8. 0-0 Nbd7 9. Rd1 Ne4 10. Be1 f5 11. Nc3 b6 12. Qa4 Bb7 13. Rac1 Kh8 14. cxd5 exd5 15. b4 b5 16. Qb3 Bd6 17. a4 a6 18. a5 Qe7 19. e3 Rae8 20. Ne2 Bb8 21. Nf4 Nd6 22. Nd3 Nc4 23. Bc3 Nf6 24. Nfe5 Ng4 25. Nxg4 fxg4 26. Re1 Qf7 27. Qc2 Re6 28. e4 Rh6 29. exd5 Qh5 30. Ne5 Nxe5 31. Rxe5 Qxh2+ 32. Kf1 Bxe5 33. dxe5 Qxg3 34. Kg1 Qh2+ 35. Kf1 cxd5 36. Bd4 Re6 37. Qc7 Qf4 38. Rd1 Bc6 39. Bc5 Rfe8 40. Qa7 g3 41. Kg1 gxf2+ 42. Bxf2 d4 0-1

[Event "Volgograd"]
[Site "Volgograd"]
[Date "1997.??.??"]
[Round "2"]
[White "Murashko, Vyacheslav L"]
[Black "Shtyrenkov, Veniamen"]
[Result "1/2-1/2"]
[WhiteElo "2430"]
[BlackElo "2455"]
[PlyCount "47"]
[EventDate "1997.??.??"]
[EventType "tourn"]
[EventRounds "13"]
[EventCountry "RUS"]
[EventCategory "7"]
[SourceTitle "EXT 2000"]
[Source "ChessBase"]
[SourceDate "1999.11.16"]
[SourceVersion "1"]
[SourceVersionDate "1999.11.16"]
[SourceQuality "1"]

1. Nf3 Nf6 2. c4 g6 3. g3 Bg7 4. Bg2 0-0 5. 0-0 d6 6. Nc3 Nc6 7. d4 a6 8. d5 Na5 9. Nd2 c5 10. Qc2 Rb8 11. b3 b5 12. Bb2 bxc4 13. bxc4 Bh6 14. f4 e5 15. dxe6 Bxe6 16. Nd5 Rxb2 17. Qxb2 Bg7 18. Qc1 Bxd5 19. cxd5 Ng4 20. Rb1 Ne3 21. Re1 Re8 22. Bf3 g5 23. fxg5 Qxg5 24. Qa3 1/2-1/2